Datum a čas kvízu
30
Celkem bodů
Celkový počet nahraných bodů na tomto kvízu bez doplňovacích otázek.
7.
Pořadí na kvízu
Konečné umístění týmu na tomto kvízu.
Zaznamenané odpovědi
| # | Otázka | Odpověď | Body | Výsledky |
|---|---|---|---|---|
| 1. | V Olomouci se objevil případ m... | na sušáku na prádlo (na klepači na koberce) | 1 | |
| 2. | Donald Trump oznámil, že chce... | vítězný oblouk | 0 | |
| 3. | Jak si říká anglický zpěvák, k... | Yungblud | 1 | |
| 4. | Velký průlom v regenerativní m... | krev | 0 | |
| 5. | Při pokračování kvalifikace fo... | D) krysa | 0 | |
| 6. | Asijská poušť Karakum, uprostř... | Turkmenistán | 1 | |
| 7. | Uveďte, kterým čtyřpísmenným p... | vádí | 1 | |
| 8. | Vyberte, se kterým živočichem... | B | 1 | |
| 9. | Pokud bylo cílovým místem slav... | růžová (Růžové jezero) | 1 | |
| 10. | Britský umělec Gordon Sumner s... | Sting | 1 |